000 01560 a2200241 4500
001 142
005 20260407155413.0
008 260407a2006 arg spa d
003 AR-UNSa-BCEJYS
040 _aAR-UNSa-BCEJYS
_bspa
_cAR-UNSa-BCEJYS
080 _a351.72
_xFinanzas públicas. Legislación (Contabilidad Pública, Administración financiera...)
245 1 0 _aEstado eficaz
020 _a978-987-1140-41-1
250 _a2a. ed
264 1 _aBuenos Aires :
_bOsmar D. Buyatti
_c2006
300 _a220 p.
_c23 cm.
505 _a1. Resultados en el sector público -- 2. Importancia de la medición de resultados -- 3. El enfoque sistématico de la función pública -- 4. Gestión de la información en el sector público -- 5. El sistema de información en el estado como base para la auditoría integral o de resultados -- 6. Los sistemas de información integrados de integrales en el sector público --7. Medición de resultados. Metodologías aplicables -- 8. Un modelo de control y auditoría basado en resultados -- 9. Elaboración de normas y unidades para medir resultados -- 10. Control y auditoría -- 11. El proceso de auditoría integral -- 12. Control y auditoría en la administración nacional. Marco legal normativo -- 13. Futuro del control y la auditoría en el sector público. Conclusiones finales
041 _aspa
942 _cBK
590 _aniveau_biblio:m niveau_hierar:0
100 1 _aLas Heras, José María
856 4 1 _uhttps://biblioeco.unsa.edu.ar/pmb/images/libros/estado_eficaz.jpg
_yImagen de portada
_qimage/jpeg
999 _c111
_d111